书目信息 |
| 题名: |
生物降解聚合物及其在工农业中的应用
|
|
| 作者: | Smith 编著 ;戈进杰 , 王国伟 译 | |
| 分册: | ||
| 出版信息: | 北京 机械工业出版社 2011.01 |
|
| 页数: | 16,397页 | |
| 开本: | 24cm | |
| 丛书名: | 国际制造业先进技术译丛 | |
| 单 册: | ||
| 中图分类: | X783.105 | |
| 科图分类: | ||
| 主题词: | 生物降解--聚合物--应用--工业 , 生物降解--聚合物--应用--农业 , 生物降解 , 聚合物 , 工业 , 农业 | |
| 电子资源: | ||
| ISBN: | 978-7-111-30578-1 | |
| 000 | 01209oam2 2200337 45 | |
| 001 | 1338853187 | |
| 005 | 20130514152908.89 | |
| 010 | @a978-7-111-30578-1@dCNY86.00 | |
| 100 | @a20130108d2011 em y0chiy0110 ea | |
| 101 | 1 | @achi@ceng |
| 102 | @aCN@b110000 | |
| 105 | @aak z 000yy | |
| 106 | @ar | |
| 200 | 1 | @a生物降解聚合物及其在工农业中的应用@ASheng Wu Jiang Jie Ju He Wu Ji Qi Zai Gong Nong Ye Zhong De Ying Yong@f(美)Ray Smith编著@F( Mei )Ray Smith Bian Zhu@g戈进杰,王国伟译 |
| 210 | @a北京@c机械工业出版社@d2011.01 | |
| 215 | @a16,397页@c图@d24cm | |
| 225 | 2 | @a国际制造业先进技术译丛 |
| 330 | @a本书主要介绍生物降解聚合物及其在工农业中的应用。主要内容包括:生物降解聚合物的分类和发展、生物降解聚合物的生产原料、生物降解聚合物材料的性能和降解机理等。 | |
| 461 | 0 | @12001 @a国际制造业先进技术译丛 |
| 606 | 0 | @a生物降解@x聚合物@x应用@x工业 |
| 606 | 0 | @a生物降解@x聚合物@x应用@x农业 |
| 606 | 0 | @a生物降解 |
| 606 | 0 | @a聚合物 |
| 606 | 0 | @a工业 |
| 606 | 0 | @a农业 |
| 690 | @aX783.105@v5 | |
| 701 | 1 | @c(美)@aSmith@bRay@4编著 |
| 702 | 0 | @a戈进杰@AGe Jin Jie@4译 |
| 702 | 0 | @a王国伟@AWang Guo Wei@4译 |
| 801 | @aCN@bTANGWEI@c20130108 | |
| 905 | @b0828721-25@dX783.105@e168@f5 | |
| 生物降解聚合物及其在工农业中的应用/(美)Ray Smith编著/戈进杰,王国伟译.-北京:机械工业出版社,2011.01 |
| 16,397页:图;24cm.-(国际制造业先进技术译丛) |
| ISBN 978-7-111-30578-1:CNY86.00 |
| 本书主要介绍生物降解聚合物及其在工农业中的应用。主要内容包括:生物降解聚合物的分类和发展、生物降解聚合物的生产原料、生物降解聚合物材料的性能和降解机理等。 |
| ● |
| 相关链接 |
|
|
|
|
正题名:生物降解聚合物及其在工农业中的应用
索取号:X783.105/168
 
预约/预借
| 序号 | 登录号 | 条形码 | 馆藏地/架位号 | 状态 | 备注 |
| 1 | 0828721 | 208287218 | 第二样本阅览室/ [索取号:X783.105/168] | 在馆 | |
| 2 | 0828722 | 208287227 | 第三借阅区/ [索取号:X783.105/168] | 在馆 | |
| 3 | 0828723 | 208287236 | 第三借阅区/ [索取号:X783.105/168] | 在馆 | |
| 4 | 0828724 | 208287245 | 第三借阅区/ [索取号:X783.105/168] | 在馆 | |
| 5 | 0828725 | 208287254 | 第三借阅区/ [索取号:X783.105/168] | 在馆 |